000 00662nam 22002173 4500
001 202833
010 _a978-972-20-8356-0
021 _aPT
_b539995/24
090 _a202833
100 _a20260701d u||y0pory50 ba
200 _aHistórias da Casita
_eO meu primeiro livro de Banda Desenhada
_f[Disney]
_gtradução Maria João Medeiros
205 _a
210 _aAlfragide
_cPublicações Dom Quixote
_d2025
215 _a[32] p.
_cil. ; encadernado
_d24 cm
225 _aDisney Encanto
606 _947
_aLiteratura Infantil Americana
675 _a821.111(73)-93
_vPT
_zpor
700 _9233
_a[Disney]
801 _aPT
_bBMMN
_gRPC
830 _cIsabel
990 _cLIVROS